De la naturaleza del indio (Record no. 217403)
[ view plain ]
| 000 -CABECERA | |
|---|---|
| Campo de control de longitud fija | 00436naa a22001217u 4500 |
| 008 - CÓDIGOS DE INFORMACIÓN DE LONGITUD FIJA | |
| Campo de control de longitud fija | 130517b1983 xxu||||| |||| 00| 0 spa d |
| 040 ## - FUENTE DE LA CATALOGACIÓN | |
| Centro catalogador del origen | SPA |
| 100 1# - PUNTO DE ACCESO PRINCIPAL-NOMBRE DE PERSONA | |
| Nombre de persona | Palafox y Mendoza, Juan de |
| 9 (RLIN) | 5712 |
| 245 00 - MENCIÓN DE TÍTULO | |
| Título | De la naturaleza del indio |
| 300 ## - DESCRIPCIÓN FÍSICA | |
| Extensión | 47-102 p. |
| Dimensiones | 20 cm. |
| 773 0# - ENLACE AL DOCUMENTO FUENTE | |
| Título | Manual de estados y profesiones |
| Encabezamiento principal | PALAFOX Y MENDOZA, Juan de |
| Lugar, editor y fecha de publicación | México,Coordinación de Humanidades,1983, |
| Parte(s) relacionada(s) | págs. 47-102 p. |
| Número Internacional Normalizado para Libros (ISBN) | 968-842-069-7, |
| Número de control del registro relacionado | 58617 |
| 942 ## - ENTRADA DE ELEMENTOS AGREGADOS (KOHA) | |
| Koha [por defecto] tipo de item | Artículo de colaboración |
| Suprimido | Perdido | Estropeado | No para préstamo | Localización permanente | Localización actual | Localización en estantería | Fecha adquisición | Préstamos totales | Signatura completa | Fecha última consulta | Fecha del precio de reemplazo | Tipo de item de Koha |
|---|---|---|---|---|---|---|---|---|---|---|---|---|
| San Esteban | San Esteban | Depósito de libros | 21/05/2013 | 301 PAL man | 21/05/2013 | 21/05/2013 | Artículo de colaboración |
